000 00640nam a2200241Ia 4500
003 OSt
005 20220918200827.0
006 a|||||r|||| 00| 0
007 ta
008 220917b |||||||| |||| 00| 0 eng d
024 _a90,476
037 _cTextual
040 _aARTS
_cARTS
_beng
041 _2eng
_aeng
082 _aU8:6xN, J2 (906)
100 _aPerham Margery
_960326
245 0 _aAfrican discovery
_b an anthology of exploration
260 _c1952
650 _aGEOGRAPHY
700 _a Simmons J
_995725
942 _hU8:6xN, J2 (906)
_cTEXL
_2CC
999 _c214139
_d214139